000 00533nam a2200229 a 4500
001 nice12345678
003 IN_TiNIC
005 20260116011422.0
008 070809s1962 edia grp 000 0 eng
020 _a
_c100
082 0 0 _a297.1
_bGUI
100 _aGuillaume, Alfred
245 _aIslam
260 _aEdinburgh
_bPenguin Book
_c1962
300 _a210p
500 _aincludes index and biblioraphy
650 _aIslam-Meccan Trade
700 1 _aGuillaume, Alfred
902 _bSRS
942 _cBK
999 _c1363
_d1363